Quizzes
Events
Quiz Creation
Community
Videos
Private Events
Remove Ads
Sign In
Join for FREE
Feedback
Dark Mode
Quiz Categories
Sports
Geography
Music
Movies
Television
Just For Fun
Miscellaneous
History
Literature
Language
Science
Gaming
Entertainment
Religion
Holiday
For Kids
Quiz Lab
Recent
Popular Today
Quiz Kudos Today
Editor Picks
Curator Picks
Quizzes by...
Day
Popularity
Type
Ratings
Length
Year
Community
Subscriptions
Recent Discussions
Orange Saloon
Badges
Playlists
Quests
Create
Leaderboards
Showdown
Live 5
Trivia Bingo
Activity
Puzzle Library
Sporcle Events
Private Events
Virtual Trivia
Globe League
Become a Host
Pub Owners
SporcleCon
Opinionation
Our Games
Videos
Blog
Mobile Apps
Partnerships
Remove Ads and Go Orange
Feedback
Music
Pop Music
The Beatles
Song
Album
Lyrics
Bands
Singers
Artist
Clip
Rock
Rap
Classical
Billboard
Country Music
Kpop
Taylor Swift
Music
Pop Music
The Beatles
Song
Album
Lyrics
Bands
Singers
Artist
Clip
Rock
Rap
Classical
Billboard
Country Music
Kpop
Taylor Swift
Random Quiz
Search Sporcle
×
Quiz Lab
Quiz Lab
Music
Bands
Type in answers that appear in a list
Type in answers that appear in a list
Classic
Best Score? Go Orange.
Phish Songs Audio Quiz 2 Stats
Can you name the following songs by Phish?
By
bbrooks
10m
45 Questions
662 Plays
662 Plays
662 Plays
Comments
Comments
Give Quiz Kudos
Give Quiz Kudos
-
- Ratings
hide this ad
More Info
Replay
Link that replays current quiz
Next Quiz
Link to next quiz in quiz playlist
You Got
0%
They Got
Avg Score
63%
Avg Friend Score
Upgrade to see
Score Distribution
Jump to the score distribution portion of the page
Score
0/45
Timer
10:00
0
Plays Today
Time
Song title
% Correct
0:01
Harry Hood
95.2%
0:50
You Enjoy Myself
90.2%
0:40
Axilla
83.4%
2:00
Down with Disease
83.2%
1:00
Birds of a Feather
81%
3:20
Cities
79.5%
4:30
Free
78.1%
4:20
Simple
77.8%
3:10
Twist
76.4%
4:10
Carini
76.3%
3:40
Lawnboy
74.6%
2:40
Character Zero
74.5%
1:10
Llama
72.8%
3:00
Julius
72.7%
5:40
Divided Sky
70.5%
2:20
46 Days
69.3%
4:40
Funky Bitch
68.7%
1:50
First Tube
67.5%
0:30
Hold Your Head Up
66.2%
6:20
Ghost
66.2%
5:10
Punch You In The Eye
65.9%
6:30
Sand
65.7%
4:50
NICU
65.6%
Time
Song title
% Correct
6:00
Light
65.4%
2:50
Stealing Time From The Faulty Plan
65.1%
7:10
Fee
64.2%
1:40
ACDC Bag
63%
0:10
Tube
62.7%
6:50
David Bowie
62.5%
6:40
Wedge
61.6%
3:30
Contact
59.4%
2:10
Meat
57.4%
1:30
Sample in a Jar
56.3%
5:00
Mike's Song
54.5%
1:20
Maze
52.6%
3:50
Shafty
51.7%
0:20
Party Time
47.4%
5:50
Walls of the Cave
45.8%
4:00
Halfway to the Moon
42.4%
7:00
NO2
41.2%
6:10
Silent in the Morning
40.3%
5:30
Esther
37.2%
5:20
Squirming Coil
34.4%
7:20
McGrupp and the Watchful Hosemasters
34.4%
2:30
Sparks
25.8%
Quiz Playlist
Details
Report
Send in Message
Add To Playlist
More Info:
Song excerpts contain major themes or common type I jams.
Classic:
Type in answers that appear in a list
Last Updated: Feb 16, 2017
Quiz Scoreboard
CHALLENGE
Sign Up to Join the Scoreboard
Show All
Scores
Hide
Comments
May contain spoilers
Recently Published
Billboard Blitz: Fleetwood Mac
by CooCooCachoo
Music
15s
Presidents Visiting Landmarks
by Hejman
History
7m
An Introduction to Baseball
by treessimontrees
Sports
5m
More to Explore
Quiz From the Vault
Featured Blog Post
Where Did the Easter Bunny Come From?
hide this ad
You Might Also Like...
Tags
Bands Quiz
phish
Phish Albums
Phish Festivals
Phish Songs
Today's Top Quizzes in Music
Browse Music
hide this ad
Today's Top Quizzes in Bands
Browse Bands
Top Contributed Quizzes in Music
1
Taylor Swift All Songs (2024)
2
Guess the Artist- 70s Songs
3
7-to-1: Billboard Hot 100 #1 Hits of 2010s
4
Sorting Albums and Songs
5
Taylor Swift Logic Puzzle
6
KPOP LOGIC QUIZ
7
2010s Album by Cover III
8
One Thing in Common: Music
9
Guess the Taylor Swift song (Mystery Song)
10
Guess The Taylor Swift Lyrics Song #1
Explore More
Trending Topics
Crossword
Kpop
Marvel
Harry Potter
Disney
NBA
Anime
WWE
Puzzle
NFL
The Office
Country
Soccer
Song
Pokémon
hide this ad
More By:
bbrooks
Quiz
Plays
Rating
Category
Featured
Created
Phish Songs Audio Quiz 2
662
5.00
Music
Jun 3, 2012
Go to Creator's Profile
Score Distribution
Quiz Creator Spotlight
bbrooks
Follow
Send a Message
Quizzes Created
-
Created Quiz Play Count
-
More By This Creator
Popular Quizzes Today
1
Find the US States - No Outlines Minefield
2
Find the Countries of Europe - No Outlines Minefield
3
The Countries of the World
4
Find the US States
5
US States
6
Risky Map Clicking: Biggest States A-Z
7
Popular People in 1961
8
Movies - When Are They Set?
More Music Quizzes
three-hundred idols (stan list 2018)
Quiz Lab
Trending Quizzes
Risky Map Clicking: Least Populous States A-Z
1-10 Letter G Words
1-10 Letter F Words
Risky Map Clicking: Next State Alphabetically
Risky Map Clicking: Biggest States A-Z
Recently Updated
Leaping Animals
pecheneg
Reality TV Shows (A-Z)
bhenderson79
Rickey Henderson's Hall of Fame Teammates
pecheneg
Champions League XIs: Arsenal
pecheneg
Quick Pick: Celebrities in WWE's Hall of Fame
aduchscher
A-Z Keypad Blitz II
pecheneg
Multiple Oscar Actors
pecheneg
Mystery Phrase Blitz: Oscar 'Best Actors'
pecheneg
F. Scott Fitzgerald Novels
LTH
Pick 3 Villains
ddd62291
Trending Topics
Marvel
Kpop
Disney
NBA
Crossword
Harry Potter
Anime
WWE
Pokémon
The Office
Country
Puzzle
NFL
Song
Soccer
Your Account Isn't Verified!
In order to create a playlist on Sporcle, you need to verify the email address you used during registration. Go to your
Sporcle Settings
to finish the process.
Report this User
Report this user for behavior that violates our
Community Guidelines
.
Details:
Send Report
Go to the Sporcle.com Mobile Site →
Comments